| 000 | 00500nam a2200121Ia 4500 | ||
|---|---|---|---|
| 008 | 220620s9999||||xx |||||||||||||| ||und|| | ||
| 245 | 0 |
_aChild’s Play _bMulti-Sensory Histories of Children and Childhood in Japan |
|
| 546 | _aEnglish[eng] | ||
| 650 | _aHistory||Asia||Japan||Social Science||Children's Studies | ||
| 700 | _aFrühstück, Sabine||Walthall, Anne||Frühstück, Sabine | ||
| 856 | _uhttps://library.oapen.org/bitstream/20.500.12657/43781/1/external_content.pdf | ||
| 942 | _cEB | ||
| 999 |
_c30758 _d30758 |
||